| 000 | 00764nam a22002177a 4500 | ||
|---|---|---|---|
| 999 |
_c8863 _d8863 |
||
| 001 | 8863 | ||
| 003 | BD-JhCC | ||
| 005 | 20180305110257.0 | ||
| 008 | 180305b1957 BG ||||| |||| 00| 0 ben d | ||
| 035 | _a(BD-JhCC)8863 | ||
| 040 |
_aBD-JhCC _dBD-JhCC |
||
| 041 | _aben | ||
| 082 |
_a491.44 _bHAM 1957 |
||
| 100 | _aহামিদ, অধ্যাপক মিয়াঁ মুহম্মদ আবদুল | ||
| 245 |
_aআধুনিক বাংলা রচনা / _cঅধ্যাপক মিয়াঁ মুহম্মদ আবদুল হামিদ |
||
| 260 |
_aঢাকাঃ _bনিউ এজ পাবলিকেশন্স _c1957. |
||
| 300 |
_a745 p. : _c20 cm. |
||
| 650 | _aBengaly essays | ||
| 942 |
_2ddc _cBK |
||